000 00277nam a2200121Ia 4500
005 20251222143300.0
008 251222s9999||||xx |||||||||||||| ||spa||
020 _a9972-618-56-0
082 _a370.71/T22
245 0 _aLa Docencia Revalorada:
264 _bTarea
942 _cLIB
999 _c15308
_d15308